00521nam a2200193 a 4500001001300000003000900013005001700022008004100039020002200080082001500102100002200117245001900139260005400158300000900212500003500221505002400256650002500280700002200305nice12345678IN_TiNIC20260116014206.0050524s2000 newa grp 000 0 eng  a8174353 c6300a297.5bDAR aDar, Bashir Ahmad aQuranic Ethics aNew Delhi bAdam Publisher and Distributer c2000 a102p aincludes index and biblioraphy2 aBibliography, Index aIslam-Moral Theology1 aDar, Bashir Ahmad